|
|
|
|
| LEADER |
00000ngm a22000007i 4500 |
| 001 |
IT\ICCU\UBO\1249460 |
| 003 |
ItRI |
| 005 |
20260124182846.0 |
| 008 |
010327s2000 xxk|||||||||||||||k|||||c |
| 028 |
4 |
2 |
|a SA 4632
|
| 040 |
|
|
|b ita
|
| 041 |
|
7 |
|a ita
|2 ISO-639-2
|
| 130 |
0 |
|
|a Love and death on Long Island <film ; 1997>
|3 IT\ICCU\CAG\0950001
|
| 245 |
0 |
0 |
|a Amore & morte a Long Island /
|c scritto e diretto da Richard Kwietniowski ; scenografia: David McHenry ; musiche: The Insects & Richard Grassby-Lewis ; trato dall'omonimo romanzo di Gilbert Adair. - [Gran Bretagna : Eagle Pictures, c2000. - 1 videocassetta (VHS) (93 min.) : color., son. (Hi-Fi, Dolby). ((Interpreti: John Hurt, Jason Priestley. - Prodotto da: Steve Clark-Hall, Christopher Zimmer. - Ripr. del Film 1998. - Descrizione basata sul contenitore.
|
| 246 |
1 |
3 |
|a Amore & morte a Long Island <videoregistrazione>
|9 IT\ICCU\CAG\0949998
|
| 700 |
1 |
|
|a Hurt, John,
|d (1940-2017)
|0 IT\ICCU\RAVV\088790
|
| 700 |
1 |
|
|a Kwietniowski, Richard
|0 IT\ICCU\UBOV\480897
|
| 700 |
1 |
|
|a Priestley, Jason
|0 IT\ICCU\UBOV\480898
|
| 700 |
1 |
|
|a McHenry, David
|0 IT\ICCU\UBOV\480899
|
| 942 |
|
|
|2 ddc
|c VM
|n 0
|
| 952 |
|
|
|0 0
|1 0
|4 0
|6 VO_629_000000000000000
|7 0
|9 27118
|a BO
|b BO
|d 2026-01-24
|i 7209
|l 0
|o VO 629
|p BO7209
|r 2026-01-24 18:28:46
|w 2026-01-24
|x [Sebina 5] [1 videocassetta]
|y VM
|z 1 videocassetta
|
| 999 |
|
|
|c 22952
|d 22952
|